|
|
|
|
| LEADER |
00825nam a2200205 a 4500 |
| 008 |
090812s2003 enka 000 0 eng d |
| 020 |
|
|
|a 1405007656
|
| 020 |
|
|
|a 1405007664
|
| 082 |
0 |
0 |
|a 428.2/4
|2 22
|
| 100 |
1 |
|
|a Vince, Michael.
|
| 245 |
1 |
0 |
|a First Certificate :
|b language practice /
|c Michael Vince and Paul Emmerson.
|
| 260 |
|
|
|a Oxford :
|b Oxford University Press,
|c 2003.
|
| 300 |
|
|
|a vii, 342 p. :
|b ill. ;
|c 27 cm.
|
| 541 |
1 |
|
|e 00014882
|
| 650 |
|
0 |
|a English language
|v Textbooks for foreign speakers.
|
| 650 |
|
0 |
|a English language
|x Examinations
|v Study guides.
|
| 700 |
1 |
|
|a Emmerson, Paul
|
| 852 |
4 |
|
|a Ayesha Abed Library
|j General shelf
|
| 999 |
|
|
|c 3183
|d 3183
|
| 952 |
|
|
|0 0
|1 4
|2 ddc
|4 0
|6 428_240000000000000_VIN
|7 0
|9 2885
|a BRACUL
|b BRACUL
|c GEN
|d 2009-08-30
|l 0
|o 428.24 VIN
|p 3010014882
|r 2009-08-30
|t 1
|w 2009-08-30
|y BK
|x Koha Inventory 2020
|